Sports Quiz

Random Sports or MLB Quiz
Score 0/14 Timer 05:00
0 Plays Today
Number of... # % Correct
Innings (in a game that does not go into extras)81
95.2%
Outs in an inning24
90.3%
Players in a starting lineup (AL)40
80.9%
Regular season games each team plays162
75.4%
Teams in the NL East15
69.9%
Teams that go to the NLDS each year168
68.1%
MLB Teams60
65.9%
Number of... # % Correct
Divisions in the MLB36
64.6%
Outs in a full game (no extra innings)108
64.4%
World Series played, all-time0
64.2%
Times the Yankees have won the World Series81
62.9%
Teams that have never played in the World Series10
56.4%
Players in the 3,000 hit club96
34.3%
Most pitches seen in a single at-bat (since 1988)84
33.6%
Remove Ads.
Support Sporcle.
Get the best of Sporcle when you Go Orange. This ad-free experience offers more features, more stats, and more fun while also helping to support Sporcle. Thank you for becoming a member.

You're not logged in!

Compare scores with friends on all Sporcle quizzes.
OR
Log In

Show Comments

Extras

Top Quizzes Today


Score Distribution

Your Account Isn't Verified!

In order to create a playlist on Sporcle, you need to verify the email address you used during registration. Go to your Sporcle Settings to finish the process.

Report this User

Report this user for behavior that violates our Community Guidelines.

Details: